[Event "MTN-ch"]
[Site "Nouakchott"]
[Date "2019.03.31"]
[Round "4"]
[White "Hemam, Moulaye Brahim"]
[Black "Abderrahim Taleb, Mohamed"]
[Result "1-0"]
[WhiteElo "2058"]
[BlackElo "1726"]
[PlyCount "117"]
[EventDate "2019.03.29"]
[EventType "tourn"]
[EventRounds "9"]
[EventCountry "MAU"]
[SourceTitle "CBM 190 Extra"]
[Source "ChessBase"]
[SourceDate "2019.07.15"]
[SourceVersion "1"]
[SourceVersionDate "2019.07.15"]
[SourceQuality "1"]

1. d4 Nf6 2. Nf3 d5 3. g3 c6 4. Bg2 Bg4 5. h3 Bxf3 6. Bxf3 e6 7. 0-0 Bd6 8. Nc3 Nbd7 9. e4 dxe4 10. Nxe4 Nxe4 11. Bxe4 Nf6 12. Bg2 0-0 13. Qd3 Nd7 14. Rd1 f5 15. f4 Qf6 16. Be3 Rfe8 17. Re1 Nf8 18. Re2 Re7 19. Rae1 Rd8 20. Qb3 Ng6 21. Bf2 Rde8 22. Qf3 Bc7 23. c4 c5 24. dxc5 Kh8 25. Qc3 Qxc3 26. bxc3 Ba5 27. Bd4 Nf8 28. Rb1 b6 29. c6 Ng6 30. Rbe1 e5 31. fxe5 f4 32. Be4 Nxe5 33. Bxe5 Rxe5 34. gxf4 R5e7 35. Bf3 Rxe2 36. Rxe2 Rf8 37. Bg4 b5 38. cxb5 h5 39. Bxh5 Rxf4 40. Bg6 Kg8 41. Re8+ Rf8 42. Re4 Rf6 43. Be8 Bb6+ 44. Kg2 Rf2+ 45. Kg3 Rc2 46. Bg6 Rxc3+ 47. Kg4 Bc5 48. Re8+ Bf8 49. Rb8 Rc1 50. h4 Rc4+ 51. Kf3 Rc3+ 52. Ke2 Rc5 53. h5 Rc3 54. Kd2 Rc5 55. Kd3 Rd5+ 56. Kc4 Rd1 57. Bc2 Rd2 58. Kc3 Rd5 59. Bb3 1-0